000 00444nam a2200181Ia 4500
001 14628
005 20260306164928.0
008 260306t2006||||xx |||||||||||||| ||spa||
041 _aESP
082 _a515.35
_bZ945 2006
100 _aZill, Dennis G.
_eAUT
245 0 _aEcuaciones diferenciales con problemas de valores en la frontera
260 _c2006
300 _a
_c
650 _aGEN
654 _aCMA
942 _cLIB
_dJUS
_fJUS
_2ddc
_n
999 _c14628
_d14628